| 000 | 00456nam a2200205Ia 4500 | ||
|---|---|---|---|
| 008 | 210210b1919 xxu||||| |||| 00| 0 eng d | ||
| 041 | _aeng | ||
| 082 | _a444/132 | ||
| 100 | _aFERRY (G) | ||
| 245 | _aUne guerre en sonora le salteador | ||
| 260 |
_aLondon _bMacmillan & Co. Ltd. _c1919 |
||
| 650 | _aUne | ||
| 650 | _asonora | ||
| 650 | _asalteador | ||
| 650 | _ale | ||
| 650 | _aguerre | ||
| 650 | _aen | ||
| 690 | _aFrench | ||
| 906 | _a006327 | ||
| 999 |
_c129149 _d129149 |
||